[Event "Elitserien Allsvenskan 2018-19"]
[Site "Sweden"]
[Date "2019.03.31"]
[Round "9.5"]
[White "Bergstrom, Peter"]
[Black "Lindgren, Mats"]
[Result "1-0"]
[WhiteElo "2299"]
[BlackElo "2159"]
[Annotator "NA"]
[PlyCount "87"]
[EventDate "2018.11.09"]
[EventType "team-tourn"]
[EventCountry "SWE"]
[SourceTitle "playchess.com"]
[Source "ChessBase"]
[SourceQuality "1"]
[TimeControl "40/5400+30:1800+30"]

1. e4 {[%emt 0:00:00]} e6 {[%emt 0:00:00]} 2. d4 {[%emt 0:00:00]} d5 {[%emt 0:00:00]} 3. Nc3 {[%emt 0:00:00]} Bb4 {[%emt 0:00:00]} 4. Nge2 {[%emt 0:00:08]} dxe4 {[%emt 0:00:35]} 5. a3 {[%emt 0:00:27]} Bxc3+ {[%emt 0:00:05]} 6. Nxc3 {[%emt 0:00:05]} Bd7 {[%emt 0:00:33] C15: French: 3 Nc3 Bb4: Unusual White 4th moves} 7. Qg4 {[%emt 0:14:23]} Nf6 {[%emt 0:00:51]} 8. Qxg7 {[%emt 0:00:05]} Rg8 {[%emt 0:00:14]} 9. Qh6 {[%emt 0:00:05]} Bc6 {[%emt 0:01:04]} 10. Be3 $146 {[%emt 0:00:40]} ({Predecessor:} 10. Qh4 Rg6 11. Be3 Nbd7 12. O-O-O Qe7 13. h3 O-O-O 14. g4 {½-½ (41) Berg,E (2523)-Lindgren,M (2220) Umea 2003}) 10... Nbd7 {[%emt 0:08:06]} 11. O-O-O {[%emt 0:02:39]} a6 {[%emt 0:12:17]} 12. h3 {[%emt 0:02:27]} Rg6 {[%emt 0:08:42]} 13. Qh4 {[%emt 0:02:08]} Nd5 {[%emt 0:08:45]} 14. Qxd8+ {[%emt 0:04:33]} Rxd8 {[%emt 0:00:47]} 15. Nxd5 {[%emt 0:00:20]} exd5 {[%emt 0:00:23]} 16. b3 {[%emt 0:00:27]} Bb5 {[%emt 0:03:19]} 17. c4 {[%emt 0:06:11]} Bc6 {[%emt 0:07:18]} 18. g4 {[%emt 0:03:10]} b5 {[%emt 0:02:04]} 19. c5 {[%emt 0:02:01]} Nf8 {[%emt 0:03:00]} 20. Be2 {[%emt 0:02:24]} Bd7 {[%emt 0:07:23]} 21. Rdg1 $16 {[%emt 0:02:21]} Ne6 {[%emt 0:11:49]} 22. h4 {[%emt 0:25:45]} Ke7 {[%emt 0:05:23]} 23. g5 {[%emt 0:02:01]} Ng7 {[%emt 0:02:06]} 24. h5 {[%emt 0:02:35]} Rc6 {[%emt 0:01:04]} 25. Bf4 {[%emt 0:00:43]} Nf5 {[%emt 0:03:30]} 26. Be5 {[%emt 0:00:22]} Rg8 {[%emt 0:01:24]} 27. f3 {[%emt 0:12:40]} exf3 {[%emt 0:02:31]} 28. Bxf3 {[%emt 0:00:21]} Be6 {[%emt 0:00:02]} 29. Kd2 {[%emt 0:01:07]} Kd7 {[%emt 0:01:23]} 30. Be2 {[%emt 0:02:36]} Kc8 {[%emt 0:05:06]} 31. b4 {[%emt 0:06:16]} Ne7 {[%emt 0:04:31]} 32. a4 {[%emt 0:01:36]} bxa4 {[%emt 0:00:59]} 33. b5 {[%emt 0:00:17]} axb5 {[%emt 0:00:08]} 34. Bxb5 {[%emt 0:00:02]} Kb7 {[%emt 0:00:42]} 35. Bf6 {[%emt 0:00:45]} Nc8 {[%emt 0:00:48]} 36. Bxc6+ {[%emt 0:00:37]} Kxc6 {[%emt 0:00:02]} 37. Ra1 {[%emt 0:00:07]} h6 {[%emt 0:00:24]} 38. Rhg1 {[%emt 0:00:21]} hxg5 {[%emt 0:00:29]} 39. Rxg5 {[%emt 0:00:18]} Rxg5 {[%emt 0:00:35]} 40. Bxg5 {[%emt 0:00:01]} Na7 {[%emt 0:00:24]} 41. Rxa4 {[%emt 0:30:57]} Nb5 {[%emt 0:30:01]} 42. Bf6 {[%emt 0:00:07]} Bf5 {[%emt 0:00:42]} 43. Ra5 {[%emt 0:02:42]} Be4 {[%emt 0:00:00]} 44. h6 {[%emt 0:00:00]} 1-0

[Event "Elitserien Allsvenskan 2018-19"]
[Site "Sweden"]
[Date "2019.03.31"]
[Round "9.6"]
[White "Ahlander, Bjorn"]
[Black "Lindberg, Bo"]
[Result "1-0"]
[WhiteElo "2426"]
[BlackElo "2393"]
[Annotator "TA"]
[PlyCount "123"]
[EventDate "2018.11.09"]
[EventType "team-tourn"]
[EventCountry "SWE"]
[SourceTitle "playchess.com"]
[Source "ChessBase"]
[SourceQuality "1"]

{[%evp 15,123,16,14,20,20,21,27,11,14,12,20,0,0,0,0,0,-3,-12,-14,-12,0,-12,0,0,0,9,0,0,2,0,0,0,5,-6,14,0,0,0,0,-8,0,-25,0,0,0,0,0,0,0,0,0,0,68,7,19,0,61,61,61,61,61,61,61,27,27,27,35,0,61,40,233,233,233,233,369,233,563,544,607,588,709,688,883,883,874,836,1069,1042,1038,1030,977,946,761,478,597,611,883,840,29973,29975,29973,29976,29976,29977,29977,29978,29978,29979,29990,29991]} 1. d4 Nf6 2. c4 e6 3. Nf3 b6 4. g3 Bb7 5. Bg2 g6 6. O-O Bg7 7. Nc3 Ne4 8. Nxe4 Bxe4 9. Bg5 {A50: Queen's Fianchetto Defence (1 d4 Nf6 2 c4 b6)} (9. Ne5 Bxg2 10. Kxg2 c5 11. Be3 Bxe5 12. dxe5 Qc7 13. Bd2 Nc6 14. Bc3 O-O-O 15. f4 h5 16. e3 g5 {0-1 (39) Fedoseev,V (2731)-Rodshtein,M (2695) Tbilisi 2017}) 9... f6 10. Bf4 O-O 11. Re1 $146 {White has an edge.} ({Predecessor:} 11. Rc1 a5 12. Qd2 Re8 13. Rfd1 d6 14. h4 Nd7 15. b3 Qe7 16. Ne1 Bxg2 17. Kxg2 {½-½ (58) Batrakov,A (2517)-Schilcher,A (2523) ICCF email 2015}) 11... d6 12. d5 {Threatens to win with Nd4.} e5 {And now ...Bxf3 would win.} 13. Bc1 Qc8 14. Bf1 a5 15. Nd2 Bf5 $1 16. Nb1 Bh3 17. Nc3 Na6 18. e4 Nc5 19. Be3 Bxf1 20. Rxf1 Qh3 21. f3 Bh6 22. Bxc5 bxc5 23. Qe2 f5 24. Nd1 Rab8 25. Nf2 Qh5 26. Kg2 Qg5 27. Rae1 a4 (27... f4 {seems wilder.} 28. g4 Qh4 29. Nd1 Ra8 30. Nc3 Qe7) 28. Nd3 Qd2 (28... f4 {is interesting.} 29. Rh1 Bg7 30. Qd2 Qe7 31. Ref1 Ra8) 29. Qxd2 Bxd2 30. Re2 $1 $36 {[%cal Re2d2][%mdl 2048] White has good play.} Bh6 31. h4 Rf7 32. g4 fxg4 33. fxg4 Bf4 (33... Rxf1 $11 34. Kxf1 Bf8) 34. Rf3 (34. Nxf4 $14 exf4 35. g5) 34... h6 35. Rc2 g5 (35... Rff8 $11) 36. h5 $1 $14 Rff8 37. Kf2 Ra8 38. Ke2 Rfb8 39. Rc3 Kf7 40. Kd1 Ke7 41. Kc2 Kd7 (41... Bh2 $11) 42. Ra3 Rb4 $2 (42... c6 $14) 43. Nxb4 $18 cxb4 {[%mdl 4096] Endgame KRR-KRB} 44. Rad3 Ra5 (44... Rb8 $142 45. Rd1 Kc8) 45. Rd1 Rc5 $2 (45... Ra8 46. Kd3 Re8) 46. Kd3 Kc8 47. a3 b3 48. Kc3 Kb7 49. Kb4 Kb6 50. Rc3 Ra5 {[#]} 51. c5+ $1 dxc5+ (51... Rxc5 52. Rxc5) 52. Kc4 Ra8 53. d6 Rd8 54. d7 Kc6 55. Rd5 Kb6 56. Rcd3 c6 57. Rd6 {White mates.} Bc1 58. Rxh6 Bxb2 {[#]} 59. Rh8 $3 {[%mdl 576] Promotion} Rxh8 60. d8=Q+ Rxd8 61. Rxd8 Kc7 62. Rd1 {Accuracy: White = 71%, Black = 46%.} 1-0

[Event "Elitserien Allsvenskan 2018-19"]
[Site "Sweden"]
[Date "2019.03.31"]
[Round "9.6"]
[White "Barkhagen, Jonas"]
[Black "Brynell, Stellan"]
[Result "1-0"]
[WhiteElo "2424"]
[BlackElo "2403"]
[Annotator "TA"]
[PlyCount "95"]
[EventDate "2018.11.09"]
[EventType "team-tourn"]
[EventCountry "SWE"]
[SourceTitle "playchess.com"]
[Source "ChessBase"]
[SourceQuality "1"]

{[%evp 19,95,-8,-7,-6,-10,-12,-5,-11,-13,-16,-10,-22,-22,-9,-6,-6,-6,-72,7,1,0,10,13,6,8,9,10,10,13,7,16,2,108,78,93,93,106,89,104,98,102,71,86,83,99,101,96,90,90,81,86,80,86,80,91,66,78,86,92,89,87,85,184,183,202,187,196,198,212,205,304,292,260,268,371,155,812,807]} 1. d4 e6 2. c4 Nf6 3. Nf3 b6 4. e3 Bb7 5. Bd3 d5 6. cxd5 exd5 7. O-O Bd6 8. Nc3 O-O 9. b3 a6 10. Bb2 Nbd7 11. Ne2 {E14: Queen's Indian: Classical Variation (4 e3)} (11. Rc1 Qe7 12. Rc2 Ne4 13. Qc1 Rac8 14. Nb1 f5 15. Ba3 c5 16. g3 Qf7 17. Nc3 Nxc3 18. Rxc3 cxd4 19. Bxd6 Rxc3 {½-½ (50) Karjakin,S (2753)-Ganguly,S (2615) Kolkata 2018}) 11... Qe7 12. Ng3 g6 13. Rc1 {The position is equal.} Ne4 14. Qc2 Rac8 15. Bxe4 dxe4 16. Nd2 {[%cal Rd2e4]} Rfe8 $146 ({Predecessor:} 16... Nf6) 17. Nc4 Nf6 18. d5 {[#]} (18. h3 $11) 18... Nxd5 ({Black should try} 18... Bxg3 $1 $17 19. fxg3 Nxd5) 19. Nxd6 $11 cxd6 20. Qd2 f6 21. Rfd1 b5 22. Qd4 Rxc1 23. Rxc1 Qe6 24. h3 Kf7 25. Nxe4 Re7 (25... Qxe4 $11 {keeps the balance.} 26. Rc7+ {[%mdl 64] Double Attack} Kf8 27. Qxe4 (27. Rxb7 Qxd4 28. Bxd4 Re7 $11) 27... Rxe4 28. Rxb7 Re7 29. Rb8+ Re8 30. Rxe8+ Kxe8) 26. Ng3 Rd7 27. Qd2 Ne7 28. f3 Nf5 29. Nxf5 Qxf5 30. Rc3 Qe6 31. Rd3 Bc6 32. Rd4 Kg7 33. Ba3 d5 34. Bb2 Re7 35. Kf2 Rf7 36. Rd3 h5 37. Bd4 Qd6 38. Rc3 Bd7 39. Kg1 Bf5 40. Rc5 Rd7 (40... Qg3 $16) 41. Qc3 $18 Bxh3 42. f4 {Black must now prevent Rc6.} b4 43. Qxb4 Bf5 44. Qc3 {And now Rc6 would win.} Rf7 (44... a5 $142 45. Qxa5 Qe6) 45. Rc6 Qe7 46. Rxa6 Be4 47. Rc6 (47. a4 $18 {and White stays clearly on top.}) 47... h4 $2 {[#]} (47... Qd7 $16 48. Bxf6+ Kh6) 48. Bxf6+ $1 {[%mdl 512] Accuracy: White = 57%, Black = 41%.} 1-0

[Event "Elitserien Allsvenskan 2018-19"]
[Site "Sweden"]
[Date "2019.03.31"]
[Round "9.6"]
[White "Vernersson, Per"]
[Black "Olund, Joar"]
[Result "1/2-1/2"]
[WhiteElo "2290"]
[BlackElo "2353"]
[Annotator "ChessBase"]
[PlyCount "58"]
[EventDate "2018.11.09"]
[EventType "team-tourn"]
[EventCountry "SWE"]
[SourceTitle "playchess.com"]
[Source "ChessBase"]
[SourceQuality "1"]
[TimeControl "40/5400+30:1800+30"]

1. d4 {[%emt 0:00:00]} Nf6 {[%emt 0:10:39]} 2. c4 {[%emt 0:00:00]} g6 {[%emt 0:00:11]} 3. Nc3 {[%emt 0:00:17]} Bg7 {[%emt 0:00:03]} 4. e4 {[%emt 0:00:30]} d6 {[%emt 0:00:04]} 5. Be2 {[%emt 0:00:42]} O-O {[%emt 0:00:15]} 6. Nf3 {[%emt 0:00:13]} Bg4 {[%emt 0:00:20]} 7. Be3 {[%emt 0:00:46]} Nfd7 {[%emt 0:06:29]} 8. Ng1 {[%emt 0:02:03]} Bxe2 {[%emt 0:00:12]} 9. Ngxe2 {[%emt 0:00:20]} e5 {[%emt 0:00:40]} 10. O-O {[%emt 0:04:10]} Nc6 {[%emt 0:00:44]} 11. dxe5 {[%emt 0:15:13]} dxe5 {[%emt 0:00:07]} 12. Qd2 {[%emt 0:02:44]} Nb6 {[%emt 0:00:58]} 13. Qxd8 {[%emt 0:03:34]} Rfxd8 {[%emt 0:00:48]} 14. b3 {[%emt 0:00:09]} Nd4 {[%emt 0:00:27]} 15. Rad1 {[%emt 0:02:05]} c6 {[%emt 0:00:23]} 16. Rd2 {[%emt 0:03:32]} Nxe2+ {[%emt 0:00:08]} 17. Rxe2 {[%emt 0:00:53]} Rd3 {[%emt 0:00:11]} 18. Rc1 {[%emt 0:01:43]} Rad8 {[%emt 0:00:05]} 19. Kf1 {[%emt 0:01:11]} Bf8 {[%emt 0:01:02]} 20. c5 {[%emt 0:01:04]} Nd7 {[%emt 0:00:44]} 21. Na4 {[%emt 0:00:32]} Nb8 {[%emt 0:00:54]} 22. Nb2 {[%emt 0:00:33]} R3d7 {[%emt 0:00:08]} 23. b4 {[%emt 0:01:42]} Na6 {[%emt 0:00:28]} 24. a3 {[%emt 0:00:24]} f6 {[%emt 0:00:23]} 25. Ree1 {[%emt 0:03:24]} Nc7 {[%emt 0:05:14]} 26. Red1 {[%emt 0:02:27]} Kf7 {[%emt 0:03:37]} 27. Rxd7+ {[%emt 0:00:42]} Rxd7 {[%emt 0:00:04]} 28. Ke2 {[%emt 0:01:24]} Ke6 {[%emt 0:00:31]} 29. Rd1 {[%emt 0:05:14]} Rxd1 {[%emt 0:00:26]} 1/2-1/2

[Event "Elitserien Allsvenskan 2018-19"]
[Site "Sweden"]
[Date "2019.03.31"]
[Round "9.6"]
[White "Johansson, David"]
[Black "Norberg, Johan"]
[Result "0-1"]
[WhiteElo "2128"]
[BlackElo "2305"]
[Annotator "NA"]
[PlyCount "80"]
[EventDate "2018.11.09"]
[EventType "team-tourn"]
[EventCountry "SWE"]
[SourceTitle "playchess.com"]
[Source "ChessBase"]
[SourceQuality "1"]
[TimeControl "40/5400+30:1800+30"]

1. e4 {[%emt 0:02:47]} a6 {[%emt 0:00:00]} 2. d4 {[%emt 0:00:41]} b5 {[%emt 0:00:45]} 3. Be3 {[%emt 0:02:30]} d5 {[%emt 0:07:25]} 4. a4 {[%emt 0:08:45]} b4 {[%emt 0:06:39]} 5. Nd2 {[%emt 0:00:21]} dxe4 {[%emt 0:04:02]} 6. Nxe4 {[%emt 0:04:03]} Nd7 {[%emt 0:01:50]} 7. Nf3 {[%emt 0:03:02]} Ngf6 {[%emt 0:01:47]} 8. Nxf6+ {[%emt 0:03:04]} Nxf6 {[%emt 0:02:39]} 9. a5 {[%emt 0:01:42]} e6 {[%emt 0:04:39]} 10. Bd3 {[%emt 0:02:14]} Be7 {[%emt 0:04:00]} 11. O-O {[%emt 0:04:01]} O-O {[%emt 0:05:39]} 12. Ne5 {[%emt 0:03:54]} Bb7 {[%emt 0:02:57]} 13. Re1 {[%emt 0:00:43]} Nd5 {[%emt 0:14:01]} 14. Bd2 {[%emt 0:08:19]} c5 {[%emt 0:03:35]} 15. dxc5 $14 {[%emt 0:07:33]} Bxc5 {[%emt 0:02:00]} 16. Qh5 {[%emt 0:02:36]} f5 {[%emt 0:08:14]} 17. Bc4 {[%emt 0:12:16]} Bd4 {[%emt 0:11:49]} 18. Nd3 {[%emt 0:05:22]} Rc8 {[%emt 0:01:43]} 19. Bb3 {[%emt 0:02:00]} Re8 {[%emt 0:13:55]} 20. Nxb4 {[%emt 0:12:48]} Bxb2 {[%emt 0:01:45]} 21. Rad1 {[%emt 0:01:32]} g6 {[%emt 0:00:29]} 22. Qf3 {[%emt 0:06:19]} Qd7 {[%emt 0:00:30]} 23. Bh6 {[%emt 0:03:08]} Qb5 {[%emt 0:00:32]} 24. Nxd5 {[%emt 0:00:47]} Bxd5 {[%emt 0:00:04]} 25. Bxd5 {[%emt 0:00:24]} exd5 {[%emt 0:00:02]} 26. Rxe8+ {[%emt 0:01:11]} Rxe8 {[%emt 0:00:01]} 27. h3 {[%emt 0:00:53]} Re4 {[%emt 0:01:43]} 28. Qb3 {[%emt 0:00:26]} Qxb3 {[%emt 0:00:27]} 29. cxb3 {[%emt 0:00:05]} d4 {[%emt 0:00:29]} 30. Rd3 {[%emt 0:00:54]} Re1+ {[%emt 0:00:41]} 31. Kh2 {[%emt 0:00:03]} Ra1 {[%emt 0:00:20]} 32. b4 {[%emt 0:00:22]} Bc3 {[%emt 0:00:29]} 33. Bf4 {[%emt 0:01:10]} Kf7 {[%emt 0:00:30]} 34. Bd6 {[%emt 0:00:23]} Ke6 {[%emt 0:00:08]} 35. Bf8 {[%emt 0:00:24]} Kd5 {[%emt 0:00:06]} 36. g4 {[%emt 0:00:40]} Ke4 {[%emt 0:01:08]} 37. Rg3 {[%emt 0:00:05]} f4 {[%emt 0:00:11]} 38. Rg1 {[%emt 0:00:39]} Rxg1 {[%emt 0:00:23]} 39. Kxg1 {[%emt 0:00:04]} d3 {[%emt 0:00:08]} 40. Kf1 {[%emt 0:00:41]} Kf3 {[%emt 0:00:06]} 0-1

[Event "Elitserien Allsvenskan 2018-19"]
[Site "Sweden"]
[Date "2019.03.31"]
[Round "9.6"]
[White "Bjorkeroth, Johan"]
[Black "Namini, Armin"]
[Result "1-0"]
[WhiteElo "2118"]
[BlackElo "2210"]
[Annotator "NA"]
[PlyCount "71"]
[EventDate "2018.11.09"]
[EventType "team-tourn"]
[EventCountry "SWE"]
[SourceTitle "playchess.com"]
[Source "ChessBase"]
[SourceQuality "1"]
[TimeControl "40/5400+30:1800+30"]

1. e4 {[%emt 0:00:00]} c5 {[%emt 0:00:00]} 2. Nc3 {[%emt 0:00:00]} Nc6 {[%emt 0:00:00]} 3. g3 {[%emt 0:00:00]} g6 {[%emt 0:00:00]} 4. Bg2 {[%emt 0:00:02]} Bg7 {[%emt 0:00:00]} 5. d3 {[%emt 0:00:05]} d6 {[%emt 0:00:06]} 6. Nge2 {[%emt 0:00:05]} e6 {[%emt 0:05:16]} 7. O-O {[%emt 0:00:43]} Nge7 {[%emt 0:01:04]} 8. Be3 {[%emt 0:06:31]} Nd4 {[%emt 0:00:32]} 9. Qd2 {[%emt 0:02:04]} O-O {[%emt 0:01:26]} 10. Nd1 {[%emt 0:10:29]} d5 {[%emt 0:07:39]} 11. c3 {[%emt 0:05:09]} Nxe2+ {[%emt 0:01:01]} 12. Qxe2 {[%emt 0:00:06]} d4 {[%emt 0:02:40]} 13. Bf4 {[%emt 0:00:58]} e5 {[%emt 0:00:54]} 14. Bd2 {[%emt 0:01:23]} Rb8 {[%emt 0:08:57]} 15. c4 {[%emt 0:08:03]} Nc6 {[%emt 0:00:52]} 16. f4 {[%emt 0:01:25]} b5 $14 {[%emt 0:04:36]} 17. cxb5 {[%emt 0:05:28]} Rxb5 {[%emt 0:00:12]} 18. b3 {[%emt 0:01:58]} exf4 {[%emt 0:07:54]} 19. gxf4 {[%emt 0:00:44]} Nb4 {[%emt 0:02:07]} 20. Be1 {[%emt 0:18:25]} Re8 {[%emt 0:02:53]} 21. Bxb4 {[%emt 0:04:43]} cxb4 {[%emt 0:04:56]} 22. Rc1 {[%emt 0:05:14]} Ra5 {[%emt 0:07:33]} 23. Nf2 {[%emt 0:07:49]} Qh4 {[%emt 0:02:28]} 24. Nh1 {[%emt 0:03:24]} Ba6 {[%emt 0:09:13]} 25. Ng3 {[%emt 0:00:35]} Bh6 {[%emt 0:03:37]} 26. Qd2 {[%emt 0:02:24]} Qe7 {[%emt 0:00:02]} 27. Rf2 {[%emt 0:01:43]} Rc5 {[%emt 0:01:23]} 28. Bf1 {[%emt 0:04:03]} Rec8 {[%emt 0:04:52]} 29. Rxc5 {[%emt 0:00:22]} Qxc5 {[%emt 0:00:16]} 30. e5 {[%emt 0:04:10]} Qc3 {[%emt 0:01:46]} 31. Qe2 {[%emt 0:00:38]} Qc1 {[%emt 0:07:50]} 32. Ne4 {[%emt 0:03:38]} Bxf4 {[%emt 0:04:42]} 33. Qf3 {[%emt 0:00:43]} Bxe5 {[%emt 0:04:34]} 34. Qxf7+ {[%emt 0:00:06]} Kh8 {[%emt 0:00:02]} 35. Qe6 {[%emt 0:00:24]} Qc7 {[%emt 0:02:47]} 36. Qxa6 {[%emt 0:00:33]} 1-0

[Event "Elitserien Allsvenskan 2018-19"]
[Site "Sweden"]
[Date "2019.03.31"]
[Round "9.7"]
[White "Wedberg, Tom"]
[Black "Mauritsson, Sebastian"]
[Result "1/2-1/2"]
[WhiteElo "2418"]
[BlackElo "2327"]
[Annotator "TA"]
[PlyCount "37"]
[EventDate "2018.11.09"]
[EventType "team-tourn"]
[EventCountry "SWE"]
[SourceTitle "playchess.com"]
[Source "ChessBase"]
[SourceQuality "1"]

{[%evp 15,37,0,7,0,32,27,21,0,28,27,43,31,31,31,83,0,22,11,22,-18,0,0,27,0]} 1. e4 c5 2. Nf3 d6 3. d4 Nf6 4. Nc3 cxd4 5. Nxd4 a6 6. Bg5 e6 7. Qf3 Be7 8. O-O-O Qc7 9. Bd3 {B95: Sicilian Najdorf: 6 Bg5 e6, unusual White 7th moves} (9. a3 {is more complex.} Nbd7 10. Kb1 b5 11. Bc1 Bb7 12. Qe2) 9... Nc6 10. Nxc6 bxc6 11. Qg3 {The position is equal.} e5 $146 ({Predecessor:} 11... Rb8 12. Bd2 Qb7 13. b3 e5 14. Be2 Qb4 15. f4 exf4 16. Bxf4 O-O {1-0 (27) Wedberg,T (2453)-Semjonovs,I (2240) Riga 2017}) 12. Bc4 a5 13. Qd3 a4 14. a3 Qa5 ({Black should play} 14... Qa7 $14) 15. Bd2 (15. Bxf6 $16 gxf6 16. Rhf1) 15... Qc5 16. Be3 Qa5 17. Bd2 Qc5 18. Be3 Qa5 19. Bd2 {Accuracy: White = 37%, Black = 19%.} 1/2-1/2

[Event "Elitserien Allsvenskan 2018-19"]
[Site "Sweden"]
[Date "2019.03.31"]
[Round "9.7"]
[White "Haubro, Martin"]
[Black "Sorensen, Hampus"]
[Result "1-0"]
[WhiteElo "2358"]
[BlackElo "2319"]
[Annotator "NA"]
[PlyCount "103"]
[EventDate "2018.11.09"]
[EventType "team-tourn"]
[EventCountry "SWE"]
[SourceTitle "playchess.com"]
[Source "ChessBase"]
[SourceQuality "1"]
[TimeControl "40/5400+30:1800+30"]

1. e4 {[%emt 0:00:00]} e5 {[%emt 0:00:06]} 2. Nf3 {[%emt 0:00:00]} Nc6 {[%emt 0:00:38]} 3. Bb5 {[%emt 0:00:00]} a6 {[%emt 0:01:18]} 4. Ba4 {[%emt 0:00:00]} Nf6 {[%emt 0:00:08]} 5. O-O {[%emt 0:00:00]} Be7 {[%emt 0:02:14]} 6. Re1 {[%emt 0:00:00]} b5 {[%emt 0:00:05]} 7. Bb3 {[%emt 0:00:01]} d6 {[%emt 0:00:26]} 8. c3 {[%emt 0:00:04]} O-O {[%emt 0:00:15]} 9. h3 {[%emt 0:00:04]} Nb8 {[%emt 0:00:56]} 10. d4 {[%emt 0:00:06]} Nbd7 {[%emt 0:01:02]} 11. Nbd2 {[%emt 0:00:06]} Bb7 {[%emt 0:01:17]} 12. Bc2 {[%emt 0:00:06]} Re8 {[%emt 0:03:33]} 13. Nf1 {[%emt 0:02:09]} Bf8 {[%emt 0:02:32]} 14. Ng3 {[%emt 0:00:05]} g6 {[%emt 0:05:27]} 15. a4 {[%emt 0:00:05]} c5 {[%emt 0:03:49]} 16. d5 {[%emt 0:02:51]} c4 {[%emt 0:01:05]} 17. Bg5 {[%emt 0:00:04]} Be7 {[%emt 0:10:21] C95: Closed Ruy Lopez: Breyer Variation with 10 d4} 18. Qd2 {[%emt 0:00:41]} Nc5 {[%emt 0:01:20] [#]} 19. Re2 $146 {[%emt 0:25:37]} ({Predecessor:} 19. Bh6 Nfd7 20. Nh2 bxa4 21. Ng4 Nb3 22. Bxb3 axb3 23. f4 Nf6 24. Ne3 exf4 25. Bxf4 {½-½ (54) Borisek,J (2578)-Amin,B (2686) Batumi 2018}) 19... Qa5 {[%emt 0:07:24]} 20. Ra3 {[%emt 0:02:13]} bxa4 {[%emt 0:07:21]} 21. Qd1 {[%emt 0:01:57]} Qc7 {[%emt 0:03:26]} 22. Bxa4 {[%emt 0:01:46]} Reb8 {[%emt 0:07:08]} 23. Qd2 {[%emt 0:16:34]} Bc8 {[%emt 0:03:04]} 24. Qe3 {[%emt 0:10:11]} Rb6 {[%emt 0:04:58]} 25. Bd1 {[%emt 0:00:06]} Rab8 {[%emt 0:01:36]} 26. Nd2 {[%emt 0:09:54]} Rxb2 {[%emt 0:05:46]} 27. Nxc4 {[%emt 0:00:05]} Rb1 {[%emt 0:00:35]} 28. Re1 {[%emt 0:00:38]} Bd7 {[%emt 0:06:38]} 29. Nd2 {[%emt 0:05:11]} R1b2 {[%emt 0:00:12]} 30. Nc4 {[%emt 0:02:48]} Rb1 {[%emt 0:00:05]} 31. Nd2 {[%emt 0:00:12]} R1b2 {[%emt 0:00:08]} 32. f4 {[%emt 0:08:54]} Bb5 {[%emt 0:03:43]} 33. c4 {[%emt 0:00:04]} Be8 {[%emt 0:01:01]} 34. Rf1 {[%emt 0:00:04]} Ncd7 {[%emt 0:04:30]} 35. Rxa6 {[%emt 0:00:30]} Qb7 {[%emt 0:03:45]} 36. Ra1 {[%emt 0:06:13]} Qb4 {[%emt 0:01:28]} 37. fxe5 {[%emt 0:00:38]} dxe5 {[%emt 0:00:17]} 38. Kh1 {[%emt 0:00:06]} Bc5 {[%emt 0:01:05]} 39. Qd3 {[%emt 0:02:35]} Be7 {[%emt 0:04:35]} 40. Nf3 {[%emt 0:02:55]} Qd6 {[%emt 0:02:00]} 41. Qc3 {[%emt 0:33:34]} R2b4 {[%emt 0:05:52]} 42. Ba4 {[%emt 0:00:00]} Bd8 {[%emt 0:19:14]} 43. Bb5 {[%emt 0:00:00]} Qc5 {[%emt 0:03:04]} 44. Be3 {[%emt 0:00:00]} Qf8 {[%emt 0:00:43]} 45. Bd2 {[%emt 0:00:00]} Be7 {[%emt 0:01:52]} 46. Nxe5 {[%emt 0:00:00]} Nxe5 {[%emt 0:01:34]} 47. Qxe5 {[%emt 0:00:00]} Bxb5 {[%emt 0:00:16]} 48. Bxb4 {[%emt 0:00:00]} Bxb4 {[%emt 0:00:09]} 49. cxb5 {[%emt 0:00:00]} ({Weaker is} 49. Qxf6 Bxc4 50. Rfc1 Qd6 $18) 49... Nd7 {[%emt 0:00:06]} 50. Qc7 $18 {[%emt 0:00:00]} Rd8 {[%emt 0:00:19]} 51. e5 {[%emt 0:00:00]} Nc5 {[%emt 0:00:29]} 52. e6 {[%emt 0:00:00]} 1-0

[Event "Elitserien Allsvenskan 2018-19"]
[Site "Sweden"]
[Date "2019.03.31"]
[Round "9.7"]
[White "Lundin, Jan"]
[Black "Arvidsson, Tomas"]
[Result "1-0"]
[WhiteElo "2318"]
[BlackElo "2028"]
[Annotator "NA"]
[PlyCount "45"]
[EventDate "2018.11.09"]
[EventType "team-tourn"]
[EventCountry "SWE"]
[SourceTitle "playchess.com"]
[Source "ChessBase"]
[SourceQuality "1"]
[TimeControl "40/5400+30:1800+30"]

1. d4 {[%emt 0:00:00]} Nf6 {[%emt 0:02:10]} 2. Nf3 {[%emt 0:00:21]} g6 {[%emt 0:00:13]} 3. c4 {[%emt 0:00:52]} Bg7 {[%emt 0:00:06]} 4. Nc3 {[%emt 0:00:07]} d6 {[%emt 0:00:06]} 5. Bg5 {[%emt 0:00:06]} h6 {[%emt 0:00:18]} 6. Bh4 {[%emt 0:00:09]} g5 {[%emt 0:00:16]} 7. Bg3 {[%emt 0:00:07]} Nh5 {[%emt 0:02:31]} 8. e3 {[%emt 0:00:47]} Nd7 {[%emt 0:03:35]} 9. Be2 {[%emt 0:03:39]} Ndf6 {[%emt 0:02:00]} 10. Qc2 {[%emt 0:04:54]} Bg4 {[%emt 0:02:43]} 11. O-O-O {[%emt 0:05:15]} Qd7 {[%emt 0:01:52]} 12. Ne5 {[%emt 0:13:00]} dxe5 {[%emt 0:01:32]} 13. dxe5 {[%emt 0:00:13]} Qc6 {[%emt 0:09:04]} 14. exf6 {[%emt 0:04:14]} Nxf6 {[%emt 0:00:34] [#]} 15. Bxg4 $1 {[%emt 0:10:03]} Nxg4 {[%emt 0:00:50]} 16. Nd5 {[%emt 0:00:22]} Ne5 {[%emt 0:07:32]} 17. Qe4 {[%emt 0:10:06]} f5 {[%emt 0:07:28]} 18. Qxf5 $16 {[%emt 0:02:20]} ({White should try} 18. Qd4 $18 Qxc4+ 19. Qxc4 Nxc4 20. Nxc7+ Kf7 21. Nxa8 Bxb2+ 22. Kc2 Rxa8 23. Rb1) 18... Qxc4+ {[%emt 0:24:10]} 19. Kb1 {[%emt 0:08:35]} Rf8 {[%emt 0:04:20]} 20. Qe6 {[%emt 0:01:36]} Rf7 {[%emt 0:01:18]} 21. Rd4 {[%emt 0:06:01]} Qc6 {[%emt 0:02:22]} 22. Bxe5 {[%emt 0:01:58]} Bxe5 {[%emt 0:01:38]} 23. Qxe5 1-0